Statistics for Taylor Swift - I Almost Do lyrics

Click here to take the quiz!

General Stats

  • This quiz has been taken 345 times
  • The average score is 244 of 273

Answer Stats

HintAnswer% Correct
a
100%
almost
100%
do
100%
CHORUS | VERSEI
100%
i
100%
you
99%
and
97%
every
97%
in
97%
me
97%
time
97%
to
97%
don't
96%
it
96%
no
95%
that
95%
your
95%
call
94%
everything
94%
just
94%
know
94%
not
94%
takes
93%
the
93%
you're
93%
we
92%
hope
91%
tell
91%
of
90%
this
90%
up
90%
wanna
90%
could
88%
night
88%
at
87%
bet
87%
out
87%
run
87%
still
87%
can't
86%
on
86%
wish
86%
about
85%
say
85%
think
85%
city
84%
looking
84%
never
84%
sittin
84%
window
84%
by
83%
goodbye
83%
wonder
83%
another
82%
from
81%
hard
81%
hello
81%
long
81%
sometimes
81%
week
81%
cause
80%
risk
80%
tired
79%
chair
78%
my
78%
hate
77%
if
77%
moved
77%
it's
74%
oh
74%
or
74%
there's
74%
reach
73%
reply
73%
each
72%
occured
72%
off
71%
babe
69%
either
69%
made
69%
mess
69%
probably
69%
quite
69%
way
69%
with
69%
better
68%
dreams
68%
touching
68%
try
68%
again
67%
asking
67%
face
65%
confess
62%
uh
19%
call you
17%
I almost
13%

Score Distribution

Percentile by Number Answered

Percent of People with Each Score

Your Score History

You have not taken this quiz